R v SoS Environment ex p Wheeler (Record no. 64868)
[ view plain ]
| 000 -LEADER | |
|---|---|
| fixed length control field | 01280cam a2200217 4500 |
| 001 - CONTROL NUMBER | |
| control field | ABS62911 |
| 008 - FIXED-LENGTH DATA ELEMENTS--GENERAL INFORMATION | |
| fixed length control field | 000000n2000 000 0 eng u |
| 035 ## - SYSTEM CONTROL NUMBER | |
| System control number | (Sirsi) u108654 |
| 245 ## - TITLE STATEMENT | |
| Title | R v SoS Environment ex p Wheeler |
| 260 ## - PUBLICATION, DISTRIBUTION, ETC. | |
| Date of publication, distribution, etc. | 2000 |
| 490 ## - SERIES STATEMENT | |
| Series statement | Estates Gazette |
| Volume/sequential designation | [2000] 37 EG 156-161(6) |
| 520 ## - SUMMARY, ETC. | |
| Summary, etc. | QBD 20 June 2000. SoS gave an undertaking that an area of land, forming part of the Winchester bypass, would be retained as chalk grassland. The land was owned by the Highways Agency. Hampshire CC wanted to develop the land and obtained planning permission.. They then sought to obtain the land from the Agency. A local conservation group then pointed out that if the land was no longer required by the Highways Agency, the Crichel Down Rules applied to its disposal. Highways Agency agreed sale of land to council. Minister accepted sale could proceed as an exception to the Crichel Down Rules. Applicant sought judicial review of that decision. "Held" application was dismissed. |
| 590 ## - LOCAL NOTE (RLIN) | |
| Local note | ABS |
| 650 ## - SUBJECT ADDED ENTRY--TOPICAL TERM | |
| Topical term or geographic name entry element | R V SOS ENVIRONMENT EX P WHEELER |
| 650 ## - SUBJECT ADDED ENTRY--TOPICAL TERM | |
| Topical term or geographic name entry element | CRICHEL DOWN RULES |
| 650 ## - SUBJECT ADDED ENTRY--TOPICAL TERM | |
| Topical term or geographic name entry element | PLANNING PERMISSION |
| 650 ## - SUBJECT ADDED ENTRY--TOPICAL TERM | |
| Topical term or geographic name entry element | LAND DISPOSAL |
| 650 ## - SUBJECT ADDED ENTRY--TOPICAL TERM | |
| Topical term or geographic name entry element | PARK AND RIDE |
| 690 ## - LOCAL SUBJECT ADDED ENTRY--TOPICAL TERM (OCLC, RLIN) | |
| Topical term or geographic name as entry element | ENVIRONMENTAL AND LAND CONSULTANCY-PLANNING AND DEVELOPMENT |
| 942 ## - ADDED ENTRY ELEMENTS (KOHA) | |
| Suppress in OPAC | 0 |
| Withdrawn status | Lost status | Source of classification or shelving scheme | Damaged status | Not for loan | Home library | Current library | Shelving location | Date acquired | Total Checkouts | Full call number | Barcode | Date last seen | Copy number | Price effective from | Koha item type |
|---|---|---|---|---|---|---|---|---|---|---|---|---|---|---|---|
| Dewey Decimal Classification | London | London | Journal article | 06/10/2000 | ABS62911 | 108654-1001 | 06/08/2019 | 1 | 06/08/2019 | Law report |